Normal view
MARC view
- Muhammad Armghan Mehmood
Entry Personal Name
001 - CONTROL NUMBER
- control field: 6845
003 - CONTROL NUMBER IDENTIFIER
- control field: NUST
005 - DATE AND TIME OF LATEST TRANSACTION
- control field: 20171203121748.0
008 - FIXED-LENGTH DATA ELEMENTS
- fixed length control field: 171203|| aca||aabn | a|a d
040 ## - CATALOGING SOURCE
- Original cataloging agency: NUST
- Transcribing agency: NUST
100 ## - HEADING--PERSONAL NAME
- Personal name: Muhammad Armghan Mehmood
670 ## - SOURCE DATA FOUND
- Source citation: Work cat.: (NUST): Muhammad Armghan Mehmood, PID control of Input-parallel Output-series DC-DC Converter for wide range of input voltage, 2017
